000 00615nam a22001817a 4500
999 _c180011
_d180011
005 20210720163851.0
010 _aENG-129601
020 _a978-81-7505-479-0
_c140.00
035 _aEN-113133
037 _bDBAD/PUB
082 _a158.1
100 _aRamakrishna Math
245 _aThe Awakening :Inspirational Quotes of Swami Vivekananda/
_cBy Ramakrishna Math
260 _aChampawat
_bSwami Muktidananda
_c2019
270 _aSwami Muktidananda, Adhyaksha,Advaita Ashrama Mayavati,
_bChampawat
_e262524
_mmail@advaitaashrama.org
300 _a128 p;
_c19cm(hbk)
942 _2ddc
_cEN
_h158.1
_mMAT